000 00537nam a2200193 a 4500
001 4846
003 CO-ViMGA
008 141112s2004 ck r 000 u spa d
040 _aCO-ViMGA
_bspa
_cCO-ViMGA
082 0 4 _aR512 M173
245 1 0 _aMatemáticas :
_bálgebra y geometría más ejercicios
260 _aBarcelona :
_bIdea Books,
_c1997
300 _a130 p : il
490 _aAtlas temático
590 _aDatos de inventario : 05282
650 1 4 _aALGEBRA - ATLAS
_93024
650 1 4 _aGEOMETRIA - ATLAS
_93025
942 _2ddc
_cBK
999 _c16852
_d16852